00339nam a2200133Ia 4500008004100000082001700041100002200058245004100080250000800121260002700129300001000156500002400166650001500190230524s9999 xx 000 0 und d a650.014bPAN aTapan Kumar panda 0aBuilding Brands In The Indian Market aIST aNEW DELHIbExcelc2009 aX;431 aQuantity Number: 2 aManagement